Ensayo de antropología ó sea historia fisiologica del hombre en sus relaciones con las ciencias sociales y especialmente con la patología y la higiene / (Record no. 166993)

MARC details
000 -LEADER
campo de control de longitud fija 01012nam a22002175i 4500
001 - NÚMERO DE CONTROL
campo de control 166993
003 - IDENTIFICADOR DE NÚMERO DE CONTROL
campo de control ES-MaACL
005 - FECHA Y HORA DE LA ÚLTIMA TRANSACCIÓN
campo de control 20250727024456.0
008 - DATOS DE LONGITUD FIJA--INFORMACIÓN GENERAL
campo de control de longitud fija 960719m18441845sp |||| | spa d
040 ## - FUENTE DE CATALOGACIÓN
Centro catalogador/agencia de origen CLM
Lengua de catalogación spa
Centro/agencia transcriptor CLM
100 1# - ENTRADA PRINCIPAL--NOMBRE DE PERSONA
Nombre de persona Varela de Montes, José.
9 (RLIN) 133552
245 10 - MENCIÓN DEL TÍTULO
Título Ensayo de antropología ó sea historia fisiologica del hombre en sus relaciones con las ciencias sociales y especialmente con la patología y la higiene /
Mención de responsabilidad, etc. por José Varela de Montes.
260 ## - PUBLICACIÓN, DISTRIBUCIÓN, ETC.
Lugar de publicación, distribución, etc. Madrid :
Nombre del editor, distribuidor, etc. [s.n.],
Fecha de publicación, distribución, etc. 1844-1845 (
Fabricante Imprenta y fundición de Eusebio Aguado)
300 ## - DESCRIPCIÓN FÍSICA
Extensión 4 v. (XXIV, 478 p., [3] h. de lám. ; 542 ; 502 ; 370 p.) ;
Dimensiones 19 cm.
505 8# - NOTA DE CONTENIDO CON FORMATO
Nota de contenido con formato Contiene: t.I. Prolegómenos -- t. II. Prolegómenos -- t.III. Funciones -- t. IV. Funciones
596 #1 - NOTA AL PIE DE IMPRENTA
NOTA AL PIE DE IMPRENTA Imp. del t. IV: P. Madoz y L. Sagasti.
650 #7 - PUNTO DE ACCESO ADICIONAL DE MATERIA--TÉRMINO DE MATERIA
Término de materia o nombre geográfico como elemento de entrada Antropología física
Fuente del encabezamiento o término embne
9 (RLIN) 9893
650 #4 - PUNTO DE ACCESO ADICIONAL DE MATERIA--TÉRMINO DE MATERIA
Término de materia o nombre geográfico como elemento de entrada Fisiología humana.
9 (RLIN) 12890
852 ## - LOCALIZACIÓN
Ubicación ES-MaACL
Número de control de estantería G-10241-10242
Nota libre -- Enc. hol.
condición física -- Falto del t.IV
Holdings
Estatus retirado Estado de pérdida Estado de daño No para préstamo Colección Biblioteca de origen Biblioteca actual Ubicación en estantería Fecha de adquisición Fuente de adquisición Total de préstamos Signatura topográfica completa Código de barras Visto por última vez Precio de reemplazo Tipo de ítem Koha
        Libros del s. XIX Biblioteca del Ateneo de Madrid Biblioteca del Ateneo de Madrid Sala Pecera Planta 3 17/01/2008     G-10241-10242 1175174 23/02/2023 23/02/2023 Libro impreso antiguo